[Event "ICS Rated standard match"]
[Site "204.178.125.65"]
[Date "2000.06.22"]
[Round "?"]
[White "Hossa"]
[Black "QueenMaxima"]
[Result "1-0"]
[WhiteElo "2279"]
[BlackElo "2406"]
[PlyCount "103"]
[EventDate "2000.??.??"]

1. e4 e5 2. Nf3 Nc6 3. Nc3 Nf6 4. Bc4 Nxe4 5. Nxe4 d5 6. Bd3 dxe4 7. Bxe4 Bd6
8. Bxc6+ bxc6 9. d4 exd4 10. Qxd4 O-O 11. O-O Re8 12. Bg5 f6 13. Be3 c5 14. Qd3
Rb8 15. b3 Bb7 16. Qc4+ Kh8 17. Bxc5 Bxf3 18. gxf3 Qe7 19. Rfe1 Qxe1+ 20. Rxe1
Rxe1+ 21. Kg2 Rbe8 22. Bxa7 R8e2 23. Be3 h5 24. Qd3 g5 25. Bd2 Kg7 26. a4 Bf4
27. Bxe1 Rxe1 28. Qd7+ Kf8 29. a5 Ra1 30. a6 h4 31. Qa4 Rd1 32. a7 Rd8 33. a8=Q
Rxa8 34. Qxa8+ Ke7 35. Qc8 Be5 36. c4 Kf7 37. c5 Bf4 38. Qd7+ Kg6 39. Qe8+ Kg7
40. b4 f5 41. b5 Kf6 42. b6 cxb6 43. cxb6 Kg7 44. Qe7+ Kg6 45. b7 Kh6 46. Qf7
h3+ 47. Kxh3 Bc7 48. Qxc7 g4+ 49. Kg3 Kg6 50. b8=Q Kg5 51. Qg7+ Kh5 52. Qbh8#
1-0

[Event "ICS rated standard match"]
[Site "204.178.125.65"]
[Date "2000.06.22"]
[Round "?"]
[White "Hossa"]
[Black "Beadle"]
[Result "1-0"]
[WhiteElo "2301"]
[BlackElo "2420"]
[PlyCount "133"]
[EventDate "2000.??.??"]

1. e4 e5 2. Nf3 Nc6 3. Nc3 Nf6 4. Bc4 Nxe4 5. Nxe4 d5 6. Bd3 dxe4 7. Bxe4 Nb4
8. a3 f5 9. Bxb7 Bxb7 10. axb4 Bxb4 11. Qe2 Qd5 12. Qxe5+ Qxe5+ 13. Nxe5 O-O-O
14. O-O Rhe8 15. Nd3 a5 16. Nxb4 axb4 17. Ra5 g6 18. b3 Rd6 19. Rc5 Re2 20. Rc4
Rb6 21. Rh4 Rc6 22. Rxh7 Rxc2 23. Rh8+ Kd7 24. Rb8 Kc6 25. d4 Kb6 26. d5 Ka7
27. Rd8 Kb6 28. d6 Rc3 29. d7 Re7 30. Bg5 Rf7 31. Rd1 Rxb3 32. h3 Kc6 33. Bf4
Rc3 34. Rg8 Rxd7 35. Rxg6+ Rd6 36. Bxd6 cxd6 37. Rgxd6+ Kc5 38. Rd8 b3 39. Kh2
Rc2 40. Rb8 Bd5 41. Rc8+ Bc6 42. f3 b2 43. Rb1 Kb6 44. Kg3 f4+ 45. Kxf4 Rxg2
46. Rd8 Bb5 47. Ra8 Ba6 48. h4 Kb7 49. Rd8 Bc4 50. Rd4 Rh2 51. Rxc4 Rxh4+ 52.
Kg5 Rxc4 53. Rxb2+ Kc6 54. f4 Kd6 55. Re2 Rc1 56. f5 Rg1+ 57. Kf6 Rd1 58. Kf7
Rc1 59. f6 Rg1 60. Kf8 Kd7 61. f7 Rg3 62. Rd2+ Kc7 63. Rd4 Rg2 64. Ke7 Re2+ 65.
Kf6 Ra2 66. Rf4 Ra8 67. Ke6 {Beadle resigns} 1-0

[Event "ICS rated standard match"]
[Site "204.178.125.65"]
[Date "2000.06.22"]
[Round "?"]
[White "MissSilicon"]
[Black "Hossa"]
[Result "1-0"]
[WhiteElo "2412"]
[BlackElo "2322"]
[PlyCount "149"]
[EventDate "2000.??.??"]

1. e4 c5 2. Nf3 d6 3. d4 cxd4 4. Nxd4 Nf6 5. Nc3 e6 6. g3 a6 7. Bg2 Qc7 8. Bg5
Be7 9. Qf3 O-O 10. O-O-O Nc6 11. Nxc6 bxc6 12. h3 e5 13. Qe3 Rb8 14. f4 Qb7 15.
b3 Rd8 16. Rd2 Be6 17. f5 Bc8 18. Rhd1 Ne8 19. Bf1 Bxg5 20. Qxg5 Rd7 21. Kb2
Qc7 22. Bc4 Nf6 23. Qe3 Ne8 24. Ka1 Qd8 25. Na4 Qa5 26. Nb2 Qc7 27. Be2 a5 28.
Nc4 a4 29. bxa4 Rb4 30. c3 Rb8 31. a5 Qd8 32. Nb6 Rc7 33. Rb1 Nf6 34. Rb3 Rcb7
35. Bc4 Rc7 36. a6 Qe7 37. Qg1 Nxe4 38. Nd5 cxd5 39. Rxb8 Nxd2 40. a7 Nxc4 41.
a8=Q Qd8 42. Qxd5 Qf8 43. a4 Qe8 44. Qb5 Qf8 45. Qg2 h6 46. Qgd5 Ne3 47. Qdd3
Rc5 48. Qb6 Nc4 49. Qb4 d5 50. Rb5 Rxb5 51. Qxf8+ Kxf8 52. axb5 Bb7 53. Qf3 Ke7
54. Qg4 Kd6 55. Qxg7 Ke7 56. f6+ Ke6 57. Qg4+ Kxf6 58. Qd7 Ba8 59. Qd8+ Kf5 60.
Qxa8 Ke4 61. Qa6 h5 62. b6 Nxb6 63. Qxb6 Kf5 64. Qb7 Ke6 65. Qc6+ Ke7 66. Qxd5
f6 67. c4 e4 68. Qxe4+ Kd7 69. c5 Kc7 70. Qd5 f5 71. Qd6+ Kb7 72. Qb6+ Kc8 73.
c6 h4 74. Qb7+ Kd8 75. Qd7# {Hossa checkmated} 1-0

[Event "ICS Rated standard match"]
[Site "204.178.125.65"]
[Date "2000.06.22"]
[Round "?"]
[White "gambitmaster"]
[Black "Hossa"]
[Result "1-0"]
[WhiteElo "2425"]
[BlackElo "2310"]
[PlyCount "147"]
[EventDate "2000.??.??"]

1. d4 Nf6 2. c4 e6 3. Nf3 d5 4. Nc3 Be7 5. Bg5 h6 6. Bh4 O-O 7. e3 Ne4 8. Bxe7
Qxe7 9. Rc1 Nc6 10. cxd5 Nxc3 11. Rxc3 exd5 12. Qb3 Qd6 13. Be2 Re8 14. O-O Na5
15. Qa4 Nc6 16. Ne5 Bf5 17. Bb5 Nxe5 18. Bxe8 Ng4 19. g3 Nf6 20. Bb5 Ne4 21.
Ra3 Nd2 22. Rc1 Nf3+ 23. Kh1 c6 24. Bf1 Be4 25. Bg2 Qe7 26. Qa5 Ng5 27. Rg1
Bxg2+ 28. Rxg2 Nf3 29. Qc3 Qe4 30. Qc1 Qg4 31. Rb3 Rb8 32. Rc3 h5 33. Qb1 Re8
34. Rd3 Qf5 35. Rd1 Qg4 36. Qc2 h4 37. gxh4 Qh3 38. Qa4 a6 39. Qb3 Rb8 40. Qb6
Nxh2 41. Rg3 Qxh4 42. Kg2 Ng4 43. Rh1 Nxe3+ 44. Rxe3 Qg4+ 45. Kh2 Qh5+ 46. Rh3
Qf5 47. Rf1 Qf4+ 48. Kg2 Qg5+ 49. Rg3 Qe7 50. Rc1 Re8 51. Rcc3 Qd7 52. Kf1 Re4
53. Rb3 Re7 54. Qa7 Qc8 55. Rb6 Qf5 56. Qb8+ Kh7 57. Rbb3 Qb1+ 58. Kg2 Qe4+ 59.
Rbf3 f5 60. Kh2 Re8 61. Qxb7 Re7 62. Qxc6 Re6 63. Qd7 Re7 64. Qxf5+ Qxf5 65.
Rxf5 Re2 66. Rf7 Kh6 67. Rfxg7 Rxf2+ 68. Kh3 Rf6 69. R7g4 Kh7 70. Rh4+ Rh6 71.
Rxh6+ Kxh6 72. Kh4 Kh7 73. Kh5 Kh8 74. Kg6 {Hossa resigns} 1-0

[Event "ICS rated bullet match"]
[Site "204.178.125.65"]
[Date "2000.06.22"]
[Round "?"]
[White "PostModernist"]
[Black "Hossa"]
[Result "1-0"]
[WhiteElo "2559"]
[BlackElo "2434"]
[PlyCount "121"]
[EventDate "2000.??.??"]

1. d4 Nf6 2. c4 e6 3. g3 d5 4. Nf3 dxc4 5. Qa4+ Nbd7 6. Qxc4 Nb6 7. Qd3 Bb4+ 8.
Bd2 Bxd2+ 9. Nbxd2 O-O 10. Bg2 c5 11. dxc5 Qxd3 12. exd3 Na4 13. b4 a5 14. a3
Nb2 15. Rb1 Nxd3+ 16. Ke2 axb4 17. Kxd3 Rd8+ 18. Ke2 bxa3 19. Rb3 a2 20. Ra1
Rd7 21. Nc4 Nd5 22. Nb6 Nxb6 23. Rxb6 Ra5 24. Rb2 Rxc5 25. Rbxa2 b5 26. Rd2
Rxd2+ 27. Nxd2 Kf8 28. Ra7 b4 29. Ra4 Re5+ 30. Kd3 Rf5 31. Ra8 Rxf2 32. Rxc8+
Ke7 33. Bf3 Rxh2 34. Rc7+ Kf6 35. Rb7 Kg6 36. Rxb4 f5 37. Rb6 Rh3 38. Rxe6+ Kg5
39. Nf1 f4 40. Bg2 Rxg3+ 41. Nxg3 fxg3 42. Re7 Kf6 43. Re3 h5 44. Rf3+ Kg5 45.
Rxg3+ Kh4 46. Re3 Kg5 47. Re5+ Kh4 48. Ke4 Kg3 49. Rg5+ Kf2 50. Rxg7 Ke2 51.
Bf3+ Kd2 52. Rg2+ Kc3 53. Bxh5 Kc4 54. Bf7+ Kc5 55. Rc2+ Kd6 56. Bb3 Ke7 57.
Ke5 Kd7 58. Be6+ Ke7 59. Rc7+ Kf8 60. Kd6 Ke8 61. Rc8# {Hossa checkmated} 1-0

[Event "ICS rated bullet match"]
[Site "204.178.125.65"]
[Date "2000.06.22"]
[Round "?"]
[White "Hossa"]
[Black "PostModernist"]
[Result "0-1"]
[WhiteElo "2424"]
[BlackElo "2569"]
[PlyCount "128"]
[EventDate "2000.??.??"]

1. e4 g6 2. d4 Bg7 3. Nc3 c6 4. Bc4 d6 5. Bg5 Nf6 6. e5 dxe5 7. dxe5 Qxd1+ 8.
Rxd1 Ng4 9. Nge2 Bd7 10. e6 Bxe6 11. Bxe6 Bxc3+ 12. Nxc3 fxe6 13. Rd4 Nf6 14.
O-O Nbd7 15. Rfd1 O-O-O 16. Ra4 a6 17. Rad4 Nb6 18. Be3 Nbd5 19. Bd2 e5 20. Rc4
Nxc3 21. Rxc3 Ne4 22. Rd3 Rxd3 23. cxd3 Nxd2 24. Rxd2 Rd8 25. f3 Kd7 26. Rc2
Ke6 27. Rc3 Kd5 28. Kf2 c5 29. Kg3 b5 30. a4 Kd4 31. axb5 axb5 32. Kf2 Ra8 33.
Ke2 g5 34. h3 h5 35. Kd2 Ra2 36. Kc2 Ra1 37. Kb3 h4 38. Rc2 Rd1 39. Re2 Rxd3+
40. Ka2 Kd5 41. Re1 c4 42. Re2 e6 43. Kb1 Rd4 44. Kc2 e4 45. Re3 Ke5 46. Re2 b4
47. Re1 Kf4 48. fxe4 Rxe4 49. Rxe4+ Kxe4 50. Kd2 Kd4 51. Ke2 b3 52. Kd2 c3+ 53.
bxc3+ Kc4 54. Ke3 b2 55. Ke4 b1=Q+ 56. Kf3 Qf5+ 57. Ke3 Qe5+ 58. Kf2 Kd3 59. c4
Qe2+ 60. Kg1 Qe1+ 61. Kh2 Kxc4 62. g4 hxg3+ 63. Kg2 Qf2+ 64. Kh1 Qh2# {
Hossa checkmated} 0-1

[Event "ICS rated bullet match"]
[Site "204.178.125.65"]
[Date "2000.06.22"]
[Round "?"]
[White "QueenMaxima"]
[Black "Hossa"]
[Result "1-0"]
[WhiteElo "2362"]
[BlackElo "2415"]
[PlyCount "125"]
[EventDate "2000.??.??"]

1. e4 c5 2. Nf3 d6 3. d4 cxd4 4. Nxd4 Nf6 5. Nc3 e6 6. g4 e5 7. Bb5+ Bd7 8.
Bxd7+ Qxd7 9. Nf5 h5 10. gxh5 Rxh5 11. Nd5 Rxf5 12. exf5 Nxd5 13. Qxd5 Nc6 14.
Be3 Qxf5 15. O-O-O O-O-O 16. Rhg1 Kb8 17. Rg5 Qd7 18. Rh5 Nb4 19. Qb3 Nc6 20.
Rd5 Ne7 21. Rb5 f5 22. Bg5 Rc8 23. Rh8 Nc6 24. Qd5 f4 25. c4 Qc7 26. Rb3 Nd4
27. Rd3 b5 28. Rxd4 exd4 29. Qxb5+ Qb7 30. Kd1 Qxb5 31. cxb5 Kc7 32. Bxf4 Be7
33. Rh7 Rg8 34. a4 Kb6 35. b4 Kc7 36. Kd2 Kd7 37. Kd3 Bf6 38. h4 Ke6 39. Bg5
Bxg5 40. hxg5 Kf5 41. Kxd4 Kxg5 42. Kd5 Kg6 43. Rh2 Rd8 44. Rg2+ Kf6 45. f4 g6
46. Re2 Kf7 47. Re6 Rd7 48. Rxd6 Rb7 49. Kc6 Rb6+ 50. Kc5 Rxd6 51. Kxd6 Ke8 52.
Kc7 g5 53. fxg5 Kf7 54. Kb8 Ke7 55. Kxa7 Kd6 56. b6 Ke6 57. b7 Kf5 58. b8=Q Kg4
59. g6 Kh4 60. Qf4+ Kh5 61. g7 Kg6 62. g8=Q+ Kh5 63. Qfg5# {Hossa checkmated}
1-0

[Event "ICS rated blitz match"]
[Site "204.178.125.65"]
[Date "2000.06.22"]
[Round "?"]
[White "PostModernist"]
[Black "Hossa"]
[Result "1-0"]
[WhiteElo "2609"]
[BlackElo "2332"]
[PlyCount "135"]
[EventDate "2000.??.??"]

1. d4 Nf6 2. c4 e6 3. g3 d5 4. Nf3 dxc4 5. Qa4+ Nbd7 6. Bg2 a6 7. Nc3 c5 8. O-O
cxd4 9. Nxd4 Be7 10. Rd1 Qc7 11. Ndb5 Qb8 12. Na3 O-O 13. Qxc4 Ne5 14. Qb3 Nfg4
15. h3 Nf6 16. Bf4 Nh5 17. Be3 a5 18. Na4 Ra6 19. Qb5 Bxa3 20. bxa3 Nf6 21.
Rab1 Bd7 22. Qxb7 Qxb7 23. Bxb7 Bxa4 24. Bxa6 Bxd1 25. Rxd1 Nd5 26. Bd2 a4 27.
f4 Nc6 28. Rc1 Nce7 29. e4 Nb6 30. Rb1 Na8 31. Bb5 Rb8 32. Rb4 Nb6 33. Bxa4 e5
34. fxe5 g6 35. Be3 Nec8 36. Bb3 Kg7 37. e6 f5 38. exf5 gxf5 39. a4 h5 40. Bxb6
Kg6 41. Bc5 Ra8 42. e7 Nxe7 43. Rb6+ Kh7 44. Bxe7 Kg7 45. Bf6+ Kh7 46. Bg5 Ra7
47. Rh6+ Kg7 48. Bf4 h4 49. Rxh4 Re7 50. Rh5 Kg6 51. Rg5+ Kf6 52. Bc2 Re2 53.
Rxf5+ Ke6 54. Re5+ Rxe5 55. Bxe5 Kxe5 56. g4 Kd4 57. g5 Kc5 58. g6 Kd4 59. g7
Kc3 60. g8=Q Kd4 61. Qh8+ Kd5 62. Qf6 Kc5 63. Bb3 Kb4 64. Qd4+ Ka3 65. Qc5+ Kb2
66. a5 Kb1 67. Qc2+ Ka1 68. Qc1# {Hossa checkmated} 1-0

[Event "ICS rated bullet match"]
[Site "204.178.125.65"]
[Date "2000.06.22"]
[Round "?"]
[White "Bomber"]
[Black "Hossa"]
[Result "0-1"]
[WhiteElo "1449"]
[BlackElo "2397"]
[PlyCount "50"]
[EventDate "2000.??.??"]

1. e4 g6 2. Nf3 Bg7 3. d4 d6 4. c3 Nf6 5. Nbd2 O-O 6. Be2 c5 7. O-O cxd4 8.
cxd4 Qc7 9. Nb3 Nxe4 10. Bd3 d5 11. Bd2 Nxd2 12. Qxd2 Nc6 13. Rac1 Bg4 14. Qe3
Rac8 15. h3 Be6 16. Ne5 Bxe5 17. dxe5 Qxe5 18. Qxe5 Nxe5 19. Rxc8 Rxc8 20. Be2
Rc2 21. Bf3 Rxb2 22. Nd4 Nxf3+ 23. gxf3 Rxa2 24. Nxe6 fxe6 25. Re1 Kf7 0-1

[Event "ICS rated bullet match"]
[Site "204.178.125.65"]
[Date "2000.06.22"]
[Round "?"]
[White "Hossa"]
[Black "Champbuster"]
[Result "1-0"]
[WhiteElo "2397"]
[BlackElo "2484"]
[PlyCount "31"]
[EventDate "2000.??.??"]

1. d4 e6 2. Nf3 d5 3. g3 Nf6 4. Bg2 Be7 5. O-O O-O 6. Nc3 c5 7. Bf4 Nc6 8. Nb5
Bd7 9. c3 a6 10. Nd6 Ra7 11. dxc5 Nh5 12. Be3 e5 13. Qxd5 Be6 14. Qd2 e4 15.
Ng5 f5 16. Nxe6 1-0

[Event "ICS rated bullet match"]
[Site "204.178.125.65"]
[Date "2000.06.22"]
[Round "?"]
[White "Hossa"]
[Black "lapti"]
[Result "1-0"]
[WhiteElo "2418"]
[BlackElo "1309"]
[PlyCount "29"]
[EventDate "2000.??.??"]

1. d4 e6 2. Nf3 d5 3. g3 c5 4. c3 cxd4 5. Nxd4 Nc6 6. Bg2 Nxd4 7. cxd4 Nf6 8.
O-O Bd6 9. Nc3 a6 10. Bg5 O-O 11. Rc1 h6 12. Bxf6 Qxf6 13. Na4 Bd7 14. Nb6 Rab8
15. Nxd7 1-0

[Event "ICS rated bullet match"]
[Site "204.178.125.65"]
[Date "2000.06.22"]
[Round "?"]
[White "Hossa"]
[Black "ThoLem"]
[Result "1-0"]
[WhiteElo "2418"]
[BlackElo "1933"]
[PlyCount "51"]
[EventDate "2000.??.??"]

1. d4 e6 2. Nf3 f5 3. c4 Nf6 4. Nc3 Be7 5. g3 O-O 6. Bg2 c6 7. O-O d5 8. cxd5
exd5 9. Qc2 Ne4 10. Be3 Nd7 11. Bf4 Bf6 12. Bh3 g6 13. Bh6 Re8 14. Bg2 Qe7 15.
Rfe1 Nb6 16. Rab1 Be6 17. Ne5 Rad8 18. Rf1 Bxe5 19. dxe5 Nc4 20. Nxe4 fxe4 21.
Qc1 Nxe5 22. Bg5 Qf7 23. Bxd8 Rxd8 24. Qg5 Nd7 25. Qxd8+ Kg7 26. Qa8 1-0

[Event "ICS rated blitz match"]
[Site "204.178.125.65"]
[Date "2000.06.22"]
[Round "?"]
[White "Hossa"]
[Black "QueenMaxima"]
[Result "1-0"]
[WhiteElo "2327"]
[BlackElo "2477"]
[PlyCount "70"]
[EventDate "2000.??.??"]

1. d4 Nf6 2. c4 e6 3. Nf3 b6 4. g3 Ba6 5. b3 Bb7 6. Bg2 Bb4+ 7. Bd2 a5 8. O-O
O-O 9. Nc3 d6 10. a3 Bxc3 11. Bxc3 a4 12. bxa4 Ne4 13. Be1 Nc6 14. Bb4 f5 15.
e3 Qf6 16. Qb3 Ra7 17. Ra2 Rfa8 18. Nd2 Na5 19. Nxe4 Bxe4 20. Bxa5 Rxa5 21.
Bxe4 fxe4 22. f3 Rf5 23. c5 bxc5 24. Qb7 Rf8 25. Qxe4 d5 26. Qd3 c4 27. Qe2
Rxf3 28. Rxf3 Qxf3 29. Qxf3 Rxf3 30. a5 Rxe3 31. a6 c5 32. dxc5 Rf3 33. a7 Rf8
34. Rb2 Ra8 35. Rb8+ Kf7 1-0

[Event "ICS Rated standard match"]
[Site "204.178.125.65"]
[Date "2000.06.22"]
[Round "?"]
[White "Hossa"]
[Black "QueenMaxima"]
[Result "1-0"]
[WhiteElo "2299"]
[BlackElo "2411"]
[PlyCount "153"]
[EventDate "2000.??.??"]

1. d4 Nf6 2. c4 e6 3. Nf3 b6 4. g3 Ba6 5. b3 Bb7 6. Bg2 Bb4+ 7. Bd2 a5 8. O-O
O-O 9. Nc3 d5 10. a3 Bxc3 11. Bxc3 Ne4 12. Bb2 a4 13. cxd5 Bxd5 14. bxa4 Nd7
15. Qc2 c6 16. Ne1 f5 17. Nd3 Qg5 18. Nf4 Rfc8 19. f3 Nd6 20. e4 Bc4 21. e5
Bxf1 22. Rxf1 Nf7 23. Nxe6 Qe3+ 24. Kh1 c5 25. f4 cxd4 26. Qd1 d3 27. Nd4 Nc5
28. Nxf5 Qe2 29. Bxa8 Rxa8 30. Qxe2 dxe2 31. Re1 g6 32. Ne7+ Kf8 33. Nc6 Rc8
34. Nb4 Rd8 35. Rxe2 Rd1+ 36. Kg2 Nxa4 37. Rc2 Nh6 38. Rc8+ Ke7 39. Bc1 Nf5 40.
g4 Kd7 41. Rh8 Rxc1 42. gxf5 gxf5 43. Rxh7+ Ke8 44. Rh5 Ra1 45. Rxf5 Rxa3 46.
Rf6 b5 47. Ra6 Rb3 48. Nd5 Nc3 49. Nxc3 Rxc3 50. Rb6 Rc5 51. Kg3 Kd7 52. Rd6+
Kc7 53. Rd2 Kc6 54. e6 Rc3+ 55. Kf2 Rc4 56. e7 Re4 57. Re2 Rxe2+ 58. Kxe2 Kd7
59. e8=B+ Kxe8 60. Kd3 Kf7 61. Kd4 Kf6 62. h4 Kg6 63. Kc5 b4 64. Kxb4 Kf5 65.
h5 Kf6 66. Kc5 Kf5 67. Kd6 Kf6 68. h6 Kf7 69. f5 Kf6 70. h7 Kg5 71. Ke5 Kg4 72.
Ke4 Kh4 73. h8=Q+ Kg3 74. Qh1 Kf2 75. Qh2+ Kf1 76. Kf3 Ke1 77. Qe2# 1-0

[Event "ICS Rated standard match"]
[Site "204.178.125.65"]
[Date "2000.06.22"]
[Round "?"]
[White "Hossa"]
[Black "PostModernist"]
[Result "1-0"]
[WhiteElo "2320"]
[BlackElo "2333"]
[PlyCount "205"]
[EventDate "2000.??.??"]

1. d4 Nf6 2. c4 g6 3. Nc3 d5 4. Nf3 Bg7 5. Bg5 Ne4 6. Bh4 Nxc3 7. bxc3 dxc4 8.
Qa4+ Qd7 9. Qxc4 b6 10. Bg3 c5 11. Ne5 Bxe5 12. Bxe5 Ba6 13. Qb3 O-O 14. d5 Qf5
15. Bg3 Rd8 16. Rd1 Bb7 17. c4 Na6 18. f3 Qf6 19. e4 h5 20. e5 Qg5 21. Qc3 Rac8
22. f4 Qh6 23. Qf3 e6 24. Bh4 Rd7 25. Bf6 Nc7 26. Bg5 Qf8 27. Qh3 Qe8 28. d6
Na6 29. a3 Be4 30. Qe3 Bc6 31. Bf6 Qf8 32. Rd2 Nb8 33. Bd3 Rb7 34. O-O Nd7 35.
Be7 Qg7 36. Qe2 a6 37. Rb1 Kh8 38. a4 Rcb8 39. Ra2 a5 40. Qf2 Re8 41. Bg5 Rbb8
42. Rb3 Kg8 43. Ra1 Kh7 44. Qe2 Kg8 45. Rb2 Rbc8 46. Be7 Rb8 47. Be4 Bxe4 48.
Qxe4 Rec8 49. Rd1 Kh7 50. Bg5 Kg8 51. Rb5 Kh8 52. Be7 Kg8 53. Bh4 Qf8 54. Qd3
Ra8 55. Be7 Qg7 56. Rb2 Qh6 57. Qe3 Rab8 58. Qf3 Qg7 59. Re2 Kh8 60. Red2 Qh7
61. Rb2 Qg7 62. Rb5 Kh7 63. Rdb1 Kg8 64. Qe4 Qh8 65. Re1 Qh7 66. Bg5 Qg7 67.
Reb1 Qh7 68. Rd1 Kh8 69. Qf3 Qg7 70. Re1 Qf8 71. Reb1 Kh7 72. Qd3 Qg7 73. Qe4
Kg8 74. R5b3 Qf8 75. Be7 Qg7 76. R1b2 Kh7 77. Rh3 Kg8 78. Rd2 Kh8 79. g4 Qh6
80. Bg5 Qh7 81. gxh5 gxh5 82. Qxh7+ Kxh7 83. Rxh5+ Kg6 84. Rh6+ Kf5 85. h4 Rf8
86. Kg2 Ke4 87. Rh7 Rbe8 88. Kf2 Ra8 89. Kg3 Ra7 90. Rg7 Raa8 91. Rd1 Rae8 92.
h5 Ke3 93. Kh4 Ke2 94. Rg1 Ke3 95. Be7 Kxf4 96. Bxf8 Rxf8 97. Rf1+ Ke4 98.
Rfxf7 Rxf7 99. Rxf7 Nxe5 100. Rg7 Kd3 101. d7 Nxd7 102. Rxd7+ Kxc4 103. Rb7 1-0

[Event "ICS rated bullet match"]
[Site "204.178.125.65"]
[Date "2000.06.22"]
[Round "?"]
[White "Lysias"]
[Black "Hossa"]
[Result "0-1"]
[WhiteElo "1632"]
[BlackElo "2420"]
[PlyCount "60"]
[EventDate "2000.??.??"]

1. e4 g6 2. Nf3 Bg7 3. d4 d6 4. c3 Nf6 5. Bd3 O-O 6. O-O c5 7. h3 cxd4 8. cxd4
Nc6 9. e5 Nd5 10. exd6 Qxd6 11. Nc3 Nxd4 12. Nxd5 Qxd5 13. Nxd4 Qxd4 14. Be3
Qxb2 15. Rb1 Qxa2 16. Qf3 Rb8 17. Be4 b6 18. Bf4 e5 19. Bg5 Ba6 20. Rfe1 Qc4
21. Be7 Rfe8 22. Ba3 Rbc8 23. Rb4 Qc5 24. Rb3 Qc7 25. Bb4 Bc4 26. Rc3 Red8 27.
Bd3 Rxd3 28. Qxd3 Bxd3 29. Rxc7 Rxc7 30. Rxe5 Bxe5 {Lysias resigns} 0-1

[Event "ICS Rated standard match"]
[Site "204.178.125.65"]
[Date "2000.06.22"]
[Round "?"]
[White "Amy"]
[Black "Hossa"]
[Result "1-0"]
[WhiteElo "2112"]
[BlackElo "2337"]
[PlyCount "109"]
[EventDate "2000.??.??"]

1. e4 g6 2. d4 Bg7 3. c4 e6 4. Nc3 Ne7 5. Nf3 Nbc6 6. Bg5 O-O 7. d5 f6 8. Be3
exd5 9. cxd5 Ne5 10. Nxe5 fxe5 11. d6 cxd6 12. Qxd6 Rf6 13. Bc4+ Kh8 14. Qxe5
Rc6 15. Bd4 Qf8 16. Qxg7+ Qxg7 17. Bxg7+ Kxg7 18. Bb5 Rc7 19. O-O-O a6 20. Be2
b5 21. Rd4 Nc6 22. Rd6 Ne5 23. Kd2 Nf7 24. Rb6 Ng5 25. f4 Nf7 26. Nd5 Rca7 27.
Rc1 Bb7 28. Nc7 Rf8 29. Ke3 h6 30. e5 Kh7 31. Rf6 Bc6 32. Ne6 dxe6 33. Rxc6 g5
34. Rcxe6 gxf4+ 35. Kxf4 Ng5 36. Rb6 Rxf6+ 37. exf6 Ra8 38. h4 Nf7 39. Bd3+ Kg8
40. Be4 Rd8 41. Rxa6 Rb8 42. Bd5 Rd8 43. Bb3 Rd2 44. Ra8+ Kh7 45. Bxf7 Rf2+ 46.
Ke5 Re2+ 47. Kd6 Rf2 48. Ke7 h5 49. Be6 b4 50. Rg8 b3 51. f7 bxa2 52. f8=N+
Rxf8 53. Kxf8 a1=Q 54. Bf5+ Kh6 55. Rh8# {Hossa checkmated} 1-0

[Event "ICS rated standard match"]
[Site "204.178.125.65"]
[Date "2000.06.22"]
[Round "?"]
[White "Hossa"]
[Black "Amy"]
[Result "0-1"]
[WhiteElo "2332"]
[BlackElo "2239"]
[PlyCount "87"]
[EventDate "2000.??.??"]

1. d4 Nf6 2. c4 e6 3. Nf3 c5 4. Nc3 cxd4 5. Nxd4 Bb4 6. Ndb5 d5 7. cxd5 exd5 8.
Bf4 Na6 9. Nc7+ Nxc7 10. Qa4+ Bd7 11. Qxb4 Ne6 12. Be5 Bc6 13. Nb5 Ne4 14. Nd6+
Nxd6 15. Qxd6 Qg5 16. Bc3 d4 17. Bd2 Qe7 18. Qxe7+ Kxe7 19. h4 Rac8 20. h5 Bd5
21. h6 g6 22. Rh3 Rc2 23. Ra3 Rxb2 24. Rxa7 Rc8 25. Ra5 Rc5 26. Ra8 Rcc2 27.
Rd1 Rxa2 28. Rh8 Bb3 29. Bb4+ Kf6 30. Rb8 Ba4 31. Rxb7 Nf4 32. Re7 Rcb2 33. Re4
Ne6 34. Be7+ Kxe7 35. Rc1 Bc6 36. Rg4 f5 37. Rxg6 hxg6 38. h7 Ra8 39. g4 fxg4
40. Kd1 Ba4+ 41. Ke1 Rc8 42. Ra1 d3 43. exd3 Nd4 44. Be2 {Hossa resigns} 0-1

[Event "ICS rated standard match"]
[Site "204.178.125.65"]
[Date "2000.06.22"]
[Round "?"]
[White "PostModernist"]
[Black "Hossa"]
[Result "1/2-1/2"]
[WhiteElo "2316"]
[BlackElo "2327"]
[PlyCount "211"]
[EventDate "2000.??.??"]

1. d4 Nf6 2. c4 e6 3. g3 c5 4. Nf3 cxd4 5. Nxd4 d5 6. Bg2 e5 7. Nf3 Bb4+ 8. Bd2
Bxd2+ 9. Qxd2 e4 10. Nd4 O-O 11. cxd5 Qxd5 12. Nc3 Qe5 13. Ndb5 Nc6 14. Qf4
Qxf4 15. gxf4 Nb4 16. Rc1 Bd7 17. Nd6 Bc6 18. a3 e3 19. Bxc6 exf2+ 20. Kxf2
Nxc6 21. Nxb7 Rab8 22. Nd6 Rxb2 23. Ncb5 a6 24. Rxc6 axb5 25. Rhc1 b4 26. axb4
Rxb4 27. Kf3 Nd5 28. e3 Rb2 29. R1c5 Nf6 30. Nf5 Re8 31. Rc8 Kf8 32. Rxe8+ Nxe8
33. Rc8 Rd2 34. e4 g6 35. Ke3 Rd7 36. Nd4 Rc7 37. Rxc7 Nxc7 38. e5 Nd5+ 39. Ke4
Nc3+ 40. Kd3 Nd5 41. Ne2 Kg7 42. Ke4 Nb6 43. Kd4 Nd7 44. Ng3 Nf8 45. f5 Kg8 46.
Kd5 gxf5 47. Nxf5 Ne6 48. Kd6 Nf4 49. Ke7 Ng6+ 50. Kf6 Nf4 51. h4 Kf8 52. Ne3
h6 53. Kf5 Ne6 54. Nd5 Nc5 55. Nf6 Kg7 56. h5 Ne6 57. Ng4 Nd4+ 58. Kf4 Nb5 59.
Ke3 Nc7 60. Ke4 Ne6 61. Kf3 Ng5+ 62. Kf4 Ne6+ 63. Kg3 Nd8 64. Ne3 Kh7 65. Kf3
Ne6 66. Ng4 Ng5+ 67. Kf4 Ne6+ 68. Ke3 Kg7 69. Ke4 Nc5+ 70. Kd5 Nd3 71. Nf6 Nf4+
72. Ke4 Ne6 73. Nd7 Ng5+ 74. Ke3 Ne6 75. Kf3 Ng5+ 76. Kg4 Ne4 77. Kf4 Ng5 78.
Nf6 Ne6+ 79. Ke4 Ng5+ 80. Ke3 Ne6 81. Nd7 Kh7 82. Ke4 Ng5+ 83. Kd5 Kg8 84. Kd6
Nf3 85. Nf6+ Kg7 86. Kd5 Ng5 87. Ng4 Kh7 88. Ne3 Ne6 89. Kd6 Nd4 90. Ke7 Kg7
91. Nd5 Nf5+ 92. Ke8 Ng3 93. Nf6 Nf5 94. Ne4 Nd4 95. Kd7 Nf3 96. Kd6 Nd4 97.
Ng3 Kg8 98. Ke7 Kg7 99. Kd7 Kf8 100. Ne4 Nf3 101. Kd6 Nd4 102. Nf6 Kg7 103. Nd5
Kh7 104. Ke7 Kg7 105. Kd7 Kh7 106. Kd8 1/2-1/2

[Event "ICS Rated standard match"]
[Site "204.178.125.65"]
[Date "2000.06.23"]
[Round "?"]
[White "CptCheck"]
[Black "Hossa"]
[Result "0-1"]
[WhiteElo "2030"]
[BlackElo "2326"]
[PlyCount "62"]
[EventDate "2000.??.??"]

1. d4 Nf6 2. c4 e6 3. Nc3 Bb4 4. Qc2 c5 5. Nf3 O-O 6. dxc5 Na6 7. Bd2 Nxc5 8.
a3 Bxc3 9. Bxc3 d6 10. Rd1 Nce4 11. e3 Nxc3 12. Qxc3 Bd7 13. Qb4 Ne4 14. Qxb7
Nc5 15. Qb4 Ba4 16. Rb1 Bc2 17. Rc1 Bf5 18. Nd4 Rb8 19. Qd2 Ne4 20. Qe2 Qa5+
21. Kd1 Bg6 22. f3 Nc5 23. e4 Qb6 24. Nb5 a6 25. b4 Nxe4 26. fxe4 axb5 27. cxb5
Qd4+ 28. Qd3 Qe5 29. Rc4 Qxb5 30. Qc3 Qa4+ 31. Kd2 Ra8 {CptCheck resigns} 0-1

[Event "ICS rated bullet match"]
[Site "204.178.125.65"]
[Date "2000.06.23"]
[Round "?"]
[White "CommanderDan"]
[Black "Hossa"]
[Result "0-1"]
[WhiteElo "1002"]
[BlackElo "2420"]
[PlyCount "40"]
[EventDate "2000.??.??"]

1. d4 Nf6 2. c4 e6 3. Nc3 Bb4 4. e4 Nxe4 5. Bd2 Nxd2 6. Qxd2 O-O 7. a3 Bxc3 8.
bxc3 Nc6 9. d5 exd5 10. cxd5 Re8+ 11. Be2 Na5 12. c4 Nb3 13. Qb2 Nxa1 14. Qxa1
b5 15. Nf3 bxc4 16. Nd2 Qg5 17. Nxc4 Qxg2 18. Rf1 Ba6 19. Ne3 Rxe3 20. fxe3
Qxe2# 0-1

[Event "ICS rated bullet match"]
[Site "204.178.125.65"]
[Date "2000.06.23"]
[Round "?"]
[White "Hossa"]
[Black "smk"]
[Result "1-0"]
[WhiteElo "2420"]
[BlackElo "1880"]
[PlyCount "73"]
[EventDate "2000.??.??"]

1. d4 d6 2. Nf3 e6 3. e4 Be7 4. Be2 Nd7 5. e5 c6 6. O-O Qc7 7. Nc3 dxe5 8. Nxe5
Nxe5 9. dxe5 Qxe5 10. Be3 Qc7 11. Qd4 Nf6 12. Bf4 Qd7 13. Qe5 O-O 14. Bd3 Qe8
15. Rad1 Nd7 16. Qe4 g6 17. Bh6 Bf6 18. Bxf8 Qxf8 19. Qc4 Bg7 20. Qh4 Ne5 21.
Qf4 b5 22. Rfe1 Nxd3 23. Rxd3 Bb7 24. Qc7 Ba6 25. Qxc6 Bc8 26. Qxa8 Qb4 27.
Qxc8+ Bf8 28. Rb1 Qf4 29. Rd8 Qh6 30. Nxb5 Kg7 31. Rxf8 Qd2 32. Nxa7 Kf6 33.
Qc7 Kg5 34. Rxf7 Kh6 35. Rxh7+ Kg5 36. Qe5+ Kg4 37. f3# {smk checkmated} 1-0

[Event "ICS rated bullet match"]
[Site "204.178.125.65"]
[Date "2000.06.23"]
[Round "?"]
[White "edr"]
[Black "Hossa"]
[Result "0-1"]
[WhiteElo "1664"]
[BlackElo "2421"]
[PlyCount "64"]
[EventDate "2000.??.??"]

1. d4 Nf6 2. c4 e6 3. Nc3 Bb4 4. Bd2 O-O 5. Qc2 d5 6. Nf3 dxc4 7. e3 c5 8. Bxc4
cxd4 9. Nxd4 e5 10. Nf3 Nc6 11. O-O Bg4 12. Ne1 Na5 13. Bb3 Nxb3 14. axb3 Qd6
15. h3 Bh5 16. Rd1 Bxd1 17. Qxd1 Rad8 18. Nf3 Bxc3 19. bxc3 Ne4 20. Qc2 Nxd2
21. Nxd2 Qxd2 22. Qxd2 Rxd2 23. Rc1 Rc8 24. c4 Rb2 25. Rc3 Rd8 26. f3 Rd1+ 27.
Kh2 Rdd2 28. Kg3 Rxg2+ 29. Kh4 g5+ 30. Kh5 Rg3 31. c5 Rh2 32. h4 Rxh4# {
edr checkmated} 0-1